| 000 | 00597nam a2200133Ia 4500 | ||
|---|---|---|---|
| 999 |
_c9454 _d9454 |
||
| 020 | _a8121205476 | ||
| 082 | _aRR 910.3 ENC- | ||
| 245 | 0 | _aEncyclopaedic district gazetteers of India | |
| 260 |
_aNew Delhi _bGyan Publishing _c1997 |
||
| 500 | _aContents: 11vols. vol 1(Southern Zone), (695) - v 2 (vii, 1301) - v 3 (Northern Zone), (563) - v 4 (1071) - v 5 (Central Zone), (388) - v 6 (Central Zone), (1035) - v 7 (Western Zone), (623) - v 8 (Eastern Zone), (506) - v 9 (992) - v 10 (North- Eastern Zone), (396) - v 11(vii, 763) | ||
| 650 | _aGazetteers | ||
| 700 | _aBhatt, S.C. | ||
| 942 |
_cBK _2ddc |
||